000 00563pam a2200217 a 4500
001 1948256
005 20180302040806.0
008 870206r19871970nyu b 001 0 eng
010 _a 87002379
020 _a0892551224 (pbk.) :
_c$9.95
040 _aDLC
_cDLC
_dDLC
041 _aeng
080 _a305.42
082 0 0 _a305.42 FIG
_219
100 1 _a50
101 _aSOC
245 1 0 _aPatriarchal attitudes :
_cEva Figes.
504 _aBibliography: p. 188.
906 _a7
_bcbc
_corignew
_d1
_eocip
_f19
_gy-gencatlg
942 _2ddc
_cBK
999 _c43951
_d43951